00907naa a22002417a 4500001001000000003000900010005001700019007000300036008003400039040005400073041000900127072001500136100001600151100001800167111007300185245011800258260003700376500009700413650001600510650003000526650001300556773009600569BR7807990BR-BrBNA20240918174302.0ta230509b bl.||||| |||| 00| 0 por d aBR-BrBNAbporcBiblioteca Nacional de Agricultura a(Pt) aE50b/G5141 aHibette, J.1 aMarim, R.E.A.1 a6. Encontro Nacional de EconomiacGramado, RS (Brazil)d5-8 Dec 19781 aColonizacao: articulacoes no nivel economico e no nivel politico (a colonia agricola de Gurupi)[Amazonia, Brasil]3 aSao Paulo, SP (Brasil): c1978.  a6. Encontro Nacional de Economia Sao Paulo, SP (Brasil): 1978. p. 131-187 (BR7807990-AM)E50  aCOLONIZACAO aFIXACAO DO HOMEM NO CAMPO aAMAZONIA0 t6. Encontro Nacional de EconomiabwE50 BR7807990gSao Paulo, SP (Brasil), 1978. p. 131-187